书目信息 |
| 题名: |
中国古代近代海军教育资料选辑
|
|
| 作者: | 杨志本 编著 | |
| 分册: | ||
| 出版信息: | 北京 中国文史出版社 2021 |
|
| 页数: | 230页 | |
| 开本: | 24cm | |
| 丛书名: | ||
| 单 册: | ||
| 中图分类: | E291 , E295 | |
| 科图分类: | ||
| 主题词: | 海军--hai jun--军事教育--教育史--中国--古代--近代--史料 | |
| 电子资源: | ||
| ISBN: | 978-7-5205-2075-1 | |
| 000 | 00893nam0 2200241 450 | |
| 001 | 2160494270 | |
| 005 | 20210926145249.0 | |
| 010 | @a978-7-5205-2075-1@dCNY49.80 | |
| 100 | @a20201231d2021 em y0chiy0120 ea | |
| 101 | 0 | @achi |
| 102 | @aCN@b110000 | |
| 105 | @aa z 000yy | |
| 106 | @ar | |
| 200 | 1 | @a中国古代近代海军教育资料选辑@Azhong guo gu dai jin dai hai jun jiao yu zi liao xuan ji@f杨志本编著 |
| 210 | @a北京@c中国文史出版社@d2021 | |
| 215 | @a230页@c图,照片@d24cm | |
| 330 | @a本书作者通过概述与研究古代中国海军(舟师、楼船军、水军、水师)、近代中国海军(晚清海军、中华民国海军)教育发展的历史过程,探讨、总结古代近代中国海军的历史经验。 | |
| 606 | 0 | @a海军@Ahai jun@x军事教育@x教育史@y中国@z古代@z近代@j史料 |
| 690 | @aE291@v5 | |
| 690 | @aE295@v5 | |
| 701 | 0 | @a杨志本@Ayang zhi ben@f(1922.11-)@4编著 |
| 801 | 0 | @aCN@b百万庄@c20210925 |
| 905 | @b1300239-242@dE291@e116@f4 | |
| 中国古代近代海军教育资料选辑/杨志本编著.-北京:中国文史出版社,2021 |
| 230页:图,照片;24cm |
| ISBN 978-7-5205-2075-1:CNY49.80 |
| 本书作者通过概述与研究古代中国海军(舟师、楼船军、水军、水师)、近代中国海军(晚清海军、中华民国海军)教育发展的历史过程,探讨、总结古代近代中国海军的历史经验。 |
| ● |
| 相关链接 |
|
|
|
|
正题名:中国古代近代海军教育资料选辑
索取号:E291/116
 
预约/预借
| 序号 | 登录号 | 条形码 | 馆藏地/架位号 | 状态 | 备注 |
| 1 | 1300239 | 213002392 | 第一样本阅览室/ [索取号:E291/116] | 在馆 | |
| 2 | 1300240 | 213002409 | 第一借阅区/ [索取号:E291/116] | 在馆 | |
| 3 | 1300241 | 213002418 | 第一借阅区/ [索取号:E291/116] | 在馆 | |
| 4 | 1300242 | 213002427 | 第一借阅区/ [索取号:E291/116] | 在馆 |